THE RAILWAY CHILDREN (Record no. 1956)
[ view plain ]
| 000 -LEADER | |
|---|---|
| fixed length control field | 00232nam a22001097a 4500 |
| 020 ## - INTERNATIONAL STANDARD BOOK NUMBER | |
| ISBN | 0-7214-1656-x |
| 082 ## - DEWEY DECIMAL CLASSIFICATION NUMBER | |
| Classification number | 823 |
| Item number | NEB/R |
| 245 ## - TITLE STATEMENT | |
| Title | THE RAILWAY CHILDREN |
| 260 ## - PUBLICATION, DISTRIBUTION, ETC. (IMPRINT) | |
| Place of publication | USA |
| Name of publisher | LADYBIRD |
| 650 ## - SUBJECT ADDED ENTRY--TOPICAL TERM | |
| Topical Term | ENGLISH STORY |
| Geographic subdivision | USA |
| 942 ## - ADDED ENTRY ELEMENTS (KOHA) | |
| Koha item type | Books |
| Withdrawn status | Lost status | Collection code | Home library | Current library | Shelving location | Date acquired | Source of acquisition | Full call number | Accession Number | Koha item type |
|---|---|---|---|---|---|---|---|---|---|---|
| Fiction | Main Library | Main Library | SHELF 3- A- LADY BIRD STORY BOOKS | 04/03/2022 | PURCHASE | 823 NEB/R | 00616 | Books | ||
| Fiction | Main Library | Main Library | SHELF 3- A- LADY BIRD STORY BOOKS | 23/05/2014 | PURCHASE | 823 NEB/R | 06873 | Books | ||
| Fiction | Main Library | Main Library | SHELF 3- A- LADY BIRD STORY BOOKS | 20/03/2015 | PURCHASE | 823 NEB/R | 09231 | Books |